00964nam a22002657a 450000500170000000800410001702000150005804000070007304100120008008200200009210000340011224500420014626000390018830000310022736500300025852001250028865000200041365000370043370000270047070000350049770000290053294200120056199900190057395201060059220220121112449.0220121b ||||| |||| 00| 0 eng d a8172401035 cAL aEnglish 223a338.9bTHAE aThakur (C P)and others914159 aEconomic Transition with a Human Face aDelhibGlobal Business Pressc1996 aix,380 p.bPBc21x13.5 cm. b₹300.00c₹d₹300.00 a Papers presented at an International Congress on Economic Transition with a Human Face, 3-6 September 1995, New Delhi.  aEconomic914160 aSocio-Economic Dimensions914161 aTHAKUR (C P) Ed914162 aRATNAM (Venkata C S) Ed914163 aSINHA (Pravin) Ed914164 2ddccGF c221286d221286 00102ddc40708ECOaALbALd2013-03-23l0o338.9 THAEpGF01641r2022-01-21 00:00:00w2022-01-21yGF